Pete Davidson Lyrics - Ariana Grande - Statistics

General Stats
  • This quiz has been taken 165 times
  • The average score is 89 of 116
Answer Stats
Hint Answer % Correct
Verse I
100%
a
97%
you
95%
you,
95%
into
92%
life
92%
my
92%
look
90%
(look)
90%
be
89%
I'm
89%
And
88%
and
88%
the
87%
that
86%
know
85%
No
85%
no
85%
back,
84%
like
84%
you're
84%
mind
83%
thought
83%
at
82%
have
82%
place
82%
lap
81%
soulmate
81%
Universe
81%
all
80%
me
80%
me,
80%
must
80%
sky
79%
yeah
79%
(yeah)
79%
from
78%
time,
76%
better
75%
happy,
75%
happy
75%
for
72%
align
71%
fell
71%
got
71%
Chorus Got
71%
or
71%
ooh,
70%
ooh
70%
they
70%
whole
70%
how
69%
yuh
61%
crying
60%
ready
60%
ima
50%
get
46%
Intro mmm
46%
(woah)
46%
Gonna
39%
gonna
39%
Won't
28%
No matching quizzes found
Score Distribution
Percent of People with Each Score
Percentile by Number Answered
Your Score History
You have not taken this quiz